[Event "Barcelona Sant Marti op 04th"]
[Site "Barcelona"]
[Date "2002.04.06"]
[Round "1.49"]
[White "Perez Perello, Miguel Angel"]
[Black "Servent Alvarez, Jordi"]
[Result "0-1"]
[WhiteElo "1700"]
[BlackElo "1890"]
[PlyCount "48"]
[EventDate "2002.04.06"]
[EventType "swiss"]
[EventRounds "9"]
[EventCountry "ESP"]
[SourceTitle "EXT 2003"]
[Source "ChessBase"]
[SourceDate "2002.11.25"]
[SourceVersion "1"]
[SourceVersionDate "2002.11.25"]
[SourceQuality "1"]

1. e4 d5 2. exd5 Qxd5 3. Nc3 Qa5 4. d4 Nf6 5. Nge2 c6 6. Bd2 Qd8 7. g3 Bg4 8. Bg2 e6 9. h3 Bf5 10. 0-0 Bd6 11. f4 Qc7 12. a3 Nbd7 13. b4 Nb6 14. Bc1 Nbd5 15. Nxd5 cxd5 16. c3 0-0 17. g4 Be4 18. Bd2 Bxg2 19. Kxg2 Ne4 20. Rf3 Rac8 21. Qc2 Qc4 22. Qd3 Qb3 23. h4 Qb2 24. Qb1 Qxb1 0-1